LEADER 00809nam0-22003011i-450- 001 990000450920403321 005 20090409112539.0 010 $a0-901223-94-8 035 $a000045092 035 $aFED01000045092 035 $a(Aleph)000045092FED01 035 $a000045092 100 $a20020821d1977----km-y0itay50------ba 101 0 $aeng 105 $aa-------001yy 200 1 $aSupervisory remote control systems$fR. E. Young 210 $aEngland$cPeter Peregrinus$dİ1977 215 $a195 p.$cill.$d23 cm 225 1 $aIEE control engineering series$v[4] 610 0 $aControllo remoto 676 $a620.46 700 1$aYoung,$bR. E. 801 0$aIT$bUNINA$gRICA$2UNIMARC 901 $aBK 912 $a990000450920403321 952 $a10 D III 71$b19877$fDINEL 959 $aDINEL 997 $aUNINA LEADER 01158nam0 2200301 450 001 9910854699503321 005 20240529150813.0 010 $a9788898092864 100 $a20240528d2022----km y0itay50 ba 101 0 $aita 102 $aIT 105 $aafbc 000yy 200 1 $aItalia di Gio. Ant. Magini data in luce da Fabio suo figliuolo al serenissimo Ferdinando Gonzaga duca di Mantoua e di Monferrato etc$fGiovanni Antonio Magini$g[a cura di Mario Serra] 210 $a[Roccadaspide$cEdizioni Magna Graecia$d2022] 215 $a1 v.$cill., carte geografiche, 1 ritratto b/n$d32x44 cm 300 $aRist. anastatica dell'ed. Bononia, 1620 610 0 $aAtlanti antichi 610 0 $aItalia$aCarte antiche 676 $a913.37$v23$zita 700 1$aMagini,$bGiovanni Antonio$f<1555-1617>$055127 702 1$aSerra,$bMario 801 0$aIT$bUNINA$gREICAT$2UNIMARC 901 $aBK 912 $a9910854699503321 952 $aCART C 11$b178/2024$fFARBC 959 $aFARBC 996 $aItalia di Gio. Ant. Magini data in luce da Fabio suo figliuolo al serenissimo Ferdinando Gonzaga duca di Mantoua e di Monferrato etc$91555886 997 $aUNINA